[Event "Prague Golden op 13th"]
[Site "Prague"]
[Date "2017.07.01"]
[Round "1"]
[White "Janacek, Jaroslav"]
[Black "Pokorny, Jan1111"]
[Result "0-1"]
[WhiteElo "2012"]
[BlackElo "1835"]
[PlyCount "96"]
[EventDate "2017.07.01"]
[EventType "swiss"]
[EventRounds "9"]
[EventCountry "CZE"]
[SourceTitle "CBM 179 Extra"]
[Source "ChessBase"]
[SourceDate "2017.08.23"]
[SourceVersion "1"]
[SourceVersionDate "2017.08.23"]
[SourceQuality "1"]

1. Nf3 c5 2. c4 g6 3. g3 Bg7 4. Bg2 Nc6 5. 0-0 d6 6. Re1 Nf6 7. Nc3 0-0 8. e4 Bg4 9. h3 Bxf3 10. Bxf3 Nd7 11. d3 Nde5 12. Bg2 Nb4 13. Bf1 f5 14. f4 Nec6 15. a3 Na6 16. Bd2 Nd4 17. Rb1 Nc7 18. b4 b6 19. Bg2 Rb8 20. b5 e5 21. Qc1 exf4 22. Bxf4 Nde6 23. Bh6 f4 24. Bxg7 Kxg7 25. gxf4 Nxf4 26. Nd5 Ncxd5 27. exd5 Qg5 28. Qc3+ Kg8 29. Rb2 Nxh3+ 30. Kh2 Nf4 31. Re6 Nxe6 32. dxe6 Rf4 33. Qe1 Re8 34. Re2 Re7 35. a4 Kg7 36. Re3 Qh4+ 37. Qxh4 Rxh4+ 38. Kg3 Rh5 39. Bd5 Kf6 40. Re2 Rf5 41. a5 bxa5 42. Ra2 Ke5 43. Rxa5 Kd4 44. Kg4 Rxd5 45. cxd5 Kxd5 46. Kg3 Kxe6 47. Kh3 d5 48. Ra4 Rb7 0-1

[Event "Prague Golden rap op 13th"]
[Site "Prague"]
[Date "2017.07.01"]
[Round "4"]
[White "Rydl, Jiri"]
[Black "Janacek, Jaroslav"]
[Result "1-0"]
[WhiteElo "2196"]
[BlackElo "1972"]
[PlyCount "54"]
[EventDate "2017.07.01"]
[EventType "swiss (rapid)"]
[EventRounds "7"]
[EventCountry "CZE"]
[SourceTitle "EXT 2018"]
[Source "ChessBase"]
[SourceDate "2017.10.13"]
[SourceVersion "1"]
[SourceVersionDate "2017.10.13"]
[SourceQuality "1"]

1. c4 e5 2. g3 d6 3. Nc3 f5 4. d4 Be7 5. Bg2 c6 6. e3 Nf6 7. Nge2 0-0 8. 0-0 Kh8 9. b3 Qe8 10. Qd2 Qh5 11. Ba3 e4 12. h3 g5 13. f3 exf3 14. Rxf3 Rg8 15. Rf2 a5 16. d5 c5 17. Bb2 Qg6 18. e4 h6 19. exf5 Qg7 20. g4 Nbd7 21. Ng3 Ne5 22. Nce4 a4 23. Nxc5 Nfxg4 24. hxg4 dxc5 25. Nh5 Nxg4 26. Nxg7 Nxf2 27. Qxf2 Bxf5 1-0